| 000 | 01142nam a2200349Ia 4500 | ||
|---|---|---|---|
| 001 | Z_1163 | ||
| 008 | 220601s9999 xx 000 0 und d | ||
| 020 | _a968-18-3209-4 | ||
| 082 | _a636.508 H39 | ||
| 100 |
_aHaynes, Cynthia _953203 |
||
| 245 | _aCría doméstica de pollos / Haynes Cynthia; versión española Martha Aurora Arrioja Juárez; revisión Lucio Decanini | ||
| 260 | _aMéxico : Limusa | ||
| 300 | _a327 p. | ||
| 500 | _aTraducción de la obra en inglés: Raising chickens | ||
| 503 | _aej.1: C/E \ ej.2: C/E | ||
| 504 | _aBibliografía: p. 321 - 323 | ||
| 650 | _a1. Aves de corral | ||
| 650 |
_aPollos _9145137 |
||
| 650 |
_agallinas _944441 |
||
| 650 | _agallos | ||
| 650 | _aAvucltura | ||
| 650 | _aAves de corral -- Enfermedades | ||
| 650 | _aAves de corral -- Razas | ||
| 650 | _aAves de corral -- Alimentación | ||
| 650 |
_aHuevos de gallina _9146165 |
||
| 700 |
_aArrioja Juarez, Martha Aurora, tr. \ Decanini, Lucio, rev.Ì _9177980 |
||
| 901 | _a636.508 H39 | ||
| 902 | _aM | ||
| 905 | _a523227 1990 mx ad 8221113311spa26 | ||
| 942 | _c1 | ||
| 999 |
_c216847 _d216847 |
||